Documentos para el estudio de la historia colonial de Santo Domingo : (Registro nro. 13810)

Detalles MARC
000 -LIDER
fixed length control field 01054nam a2200289 a 4500
001 - NÚMERO DE CONTROL
Identificador de número de control
003 - IDENTIFICACDOR DE NÚMERO DE CONTROL
control field
005 - DATE AND TIME OF LATEST TRANSACTION
control field 20211020105105.0
008 - ELEMENTOS DE LONGITUD FIJA
fixed length control field 090916s2018 dr 00 0 spa d
020 ## - ISBN
International Standard Book Number 9789945913156 (v.1)
020 ## - ISBN
International Standard Book Number 978994593163 (v.2)
040 ## - FUENTE DE CATALOGACIÓN
Agencia que crea de manera original el registro DO-SdBNP
Idioma de catalogación spa
Agencia que realiza la transcripción BPMSU
082 ## - NÚMERO DE CLASIFICACIÓN DECIMAL DE DEWEY
Classification number 972.9302
Item number R696d 2018
Edition number 22
100 1# - ASIENTO PRINCIPAL -- NOMBRE PERSONAL
Nombre personal Rodríguez Morel, Genaro
245 10 - MENCIÓN DE TITULO
Título Documentos para el estudio de la historia colonial de Santo Domingo :
Subtítulo (1511-1560) /
Mención de responsabilidad Genaro Rodrìguez Morel
260 ## - PUBLICACIÓN, DISTRIBUCIÓN, ETC. (PIE DE IMPRENTA)
Lugar de publicación, distribución, etc Santo Domingo :
Nombre del editor, distribuidor, etc. Archivo General de la Naciòn,
Fecha de publicación, distribución, etc 2018
300 ## - DESCRIPCIÓN FÍSICA
Extensión v.;
Material complementario 28 cm
490 0# - MENCIÓN DE SERIES
Mención de serie Archivo General de la Naciòn,
Volume/sequential designation 339/340
500 ## - NOTA GENERAL
Materiales especificados Incluye índices
590 ## - NOTA LOCAL
Enlace Inventariado, 2021/VM
610 14 - ENCABEZAMIENTO DE MATERIA--NOMBRE CORPORATIVO
Nombre corporativo o de jurisdicción Archivo General de Indias (Sevilla, España)
Subdivisión de forma Fuentes
651 #4 - ENCABEZAMIENTO DE MATERIA--NOMBRE GEOGRÁFICO
Nombre geográfico Santo Domingo (República Dominicana )
Subdivisión temática general Historia
Subdivisión de forma fuentes
651 #4 - ENCABEZAMIENTO DE MATERIA--NOMBRE GEOGRÁFICO
Nombre geográfico Santo Domingo (República Dominicana)
Subdivisión temática general Historia
Subdivisión cronológica Colonia ,1511-1680
Subdivisión de forma Fuentes
710 2# - ASIENTO SECUNDARIO -- NOMBRE CORPORATIVO
Nombre corporativo o de jurisdicción Archivo General de la Nación (República Dominicana)
910 ## - VALIDACIÓN
Validación VMateo V.
942 ## - ADDED ENTRY ELEMENTS (KOHA)
Source of classification or shelving scheme Dewey Decimal Classification
Koha item type Libros
Existencias
Withdrawn status Lost status Source of classification or shelving scheme Damaged status Not for loan Collection code Home library Current library Date acquired Source of acquisition Total Checkouts Full call number Barcode Date last seen Copy number Price effective from Koha item type
    Dewey Decimal Classification     Colección Dominicana Biblioteca Pública Metropolitana Salomé Ureña Biblioteca Pública Metropolitana Salomé Ureña 10/20/2021 AGN   BPMSU CD 972.9302 R696d 2018 BPMSU21100127 10/20/2021 v.1 10/20/2021 Libros
    Dewey Decimal Classification     Colección Dominicana Biblioteca Pública Metropolitana Salomé Ureña Biblioteca Pública Metropolitana Salomé Ureña 10/20/2021 AGN   BPMSU CD 972.9302 R696d 2018 BPMSU21100128 10/20/2021 v.2 10/20/2021 Libros